Financial shock <a> 360° look at the subprime mortgage implosion, and how to avoid the next financial crisis
Guardado en:
| Autor principal: | |
|---|---|
| Formato: | Libro |
| Lenguaje: | inglés |
| Publicado: |
Upper Saddle River
FT Press/ Pearson Education
2009
|
| Materias: | |
| Etiquetas: |
Sin Etiquetas, Sea el primero en etiquetar este registro!
|
MARC
| LEADER | 00000nam$a2200000$$$4500 | ||
|---|---|---|---|
| 001 | 0113635 | ||
| 005 | 20240306135656.1 | ||
| 020 | |a 978-0-13-714290-3 | ||
| 020 | |a 0-13-714290-0 | ||
| 041 | 0 | |a eng | |
| 044 | |a US | ||
| 245 | 1 | 0 | |a Financial shock |b <a> 360° look at the subprime mortgage implosion, and how to avoid the next financial crisis |c Mark Zandi |
| 264 | 1 | |a Upper Saddle River |b FT Press/ Pearson Education |c 2009 | |
| 300 | |a 270 s. | ||
| 610 | 2 | 0 | |a kríza finančná |
| 610 | 2 | 0 | |a politika finančná |
| 610 | 2 | 0 | |a hypotéky |
| 100 | 1 | |a Zandi, Mark | |